banner koha

Host tree bark traits and development of reintroduced Cattleya intermedia (Orchidaceae) plants in Southern Brazil (Registro n. 332464)

MARC details
000 -LÍDER
fixed length control field 03721nab a2200301 i 4500
003 - CÓDIGO MARC DA AGÊNCIA CATALOGADORA
Campo de controle BR-BrBNA
005 - DATA E HORA DA ÚLTIMA ATUALIZAÇÃO
Campo de controle 20250709105940.0
008 - CAMPO DE TAMANHO FIXO
fixed length control field 250709b2019 bl.ar|pooa||| 00| 0 eng |
040 ## - FONTE DA CATALOGAÇÃO
Agência catalogadora BR-BrBNA
Idioma da catalogação eng
072 ## - CATEGORIA AGRIS
Código AGRIS F50
072 ## - CATEGORIA AGRIS
Código AGRIS F70
100 ## - ENTRADA PRINCIPAL - NOME PESSOAL
Nome pessoal Endres Júnior, Delio
100 ## - ENTRADA PRINCIPAL - NOME PESSOAL
Nome pessoal Sasamori, Márcio Hisayuki
100 ## - ENTRADA PRINCIPAL - NOME PESSOAL
Nome pessoal Petry, Camila Tamires
100 ## - ENTRADA PRINCIPAL - NOME PESSOAL
Nome pessoal Santos, Miguel da Silva
100 ## - ENTRADA PRINCIPAL - NOME PESSOAL
Nome pessoal Droste, Annette
245 ## - TÍTULO PRINCIPAL
Título principal Host tree bark traits and development of reintroduced Cattleya intermedia (Orchidaceae) plants in Southern Brazil
500 ## - NOTA GERAL
Nota geral Publicação on-line; Bibliography p. 9-10 (54 ref.); 3 tables; 1 illus.; Summaries (En, Pt)
942 ## - ADDED ENTRY ELEMENTS (KOHA)
Koha item type Analítica
520 ## - NOTA DE RESUMO
Nota de conteúdo <br/><br/>Abstract<br/><br/>The traits of the bark of host trees can influence the distribution and development of epiphytes. Bark samples<br/>were suspended in 10 and 20 mL of distilled water for 1, 4 and 24 h, to evaluate pH determination methods.<br/>Bark samples of Myrcia brasiliensis, M. glabra and Myrsine coriacea, three host trees of Cattleya intermedia<br/>had bark samples collected from the trunk and the crown, for the evaluation of the pH, water retention capacity<br/>and thickness. Shoot height (cm) and number of roots of C. intermedia grown on trunk and into the crown of<br/>the three species were evaluated. Volume of solvent and suspension time of the bark samples influenced pH<br/>values. The pH and thickness of Myrsine coriacea barks were higher when compared to Myrcia species. Shoot<br/>height and number of roots of C. intermedia individuals were significantly higher in the crown. The growth<br/>parameters of the reintroduced plants were unrelated to pH and bark thickness. The data bring information<br/>for the application of further vascular epiphyte studies including new parameters and greater samplings, in<br/>order to support proposals of the conservation of endangered species.<br/><br/>Key words: bark features, conservation, plant ecophysiology, vascular epiphytes.<br/><br/><br/><br/><br/>Resumo<br/><br/>As características das cascas de árvores hospedeiras podem influenciar na distribuição e no desenvolvimento de<br/>epífitos. Amostras de casca foram suspensas em 10 e 20 mL de água destilada por 1, 4 e 24 h, para avaliação de<br/>métodos para a determinação do pH. Cascas de Myrcia brasiliensis, M. glabra e Myrsine coriacea hospedeiras<br/>de Cattleya intermedia foram coletadas no fuste e na copa, para avaliação do pH, da capacidade de retenção<br/>de água e da espessura. A altura da parte aérea e o número de raízes de C. intermedia crescidas no fuste e<br/>na copa das três espécies de árvore foram avaliados. O volume de solvente e o tempo de suspensão da casca<br/>influenciaram nos valores de pH. O pH e a espessura da casca de Myrsine coriacea foram maiores do que<br/>nas espécies de Myrcia. A altura da parte aérea e o número de raízes dos indivíduos de C. intermedia foram<br/>superiores na copa. Os parâmetros de crescimento das plantas não se relacionaram com o pH e a espessura da<br/>casca. Os dados trazem informações para subsequentes estudos sobre epífitos vasculares que incluam novos<br/>parâmetros e maiores amostragens, visando a subsidiar propostas de conservação de espécies ameaçadas.<br/><br/>Palavras-chave: atributos da casca, conservação, ecoficiologia vegetal, epífitos vasculares.
650 ## - ASSUNTO - THESAGRO
Cabeçalho tópico ou nome geográfico CASCA
650 ## - ASSUNTO - THESAGRO
Cabeçalho tópico ou nome geográfico CONSERVAÇÃO
650 ## - ASSUNTO - THESAGRO
Cabeçalho tópico ou nome geográfico ANATOMIA VEGETAL
650 ## - ASSUNTO - THESAGRO
Cabeçalho tópico ou nome geográfico CATTLEYA
773 0# - ENTRADA ANALÍTICA
Host Biblionumber 709
Registro do item 351354
Imprenta Rio de Janeiro-RJ Jardim Botanico do Rio de Janeiro 1935
Outro identificador 2025-3977
Título Rodriguésia (Brazil)
ISSN 0370-6583; 2175-7860 on-line
Colação v. 70 p. 1-10; (2019)
Número de controle de registro BR2025003191
856 ## - ACESSO E ENDEREÇO ELETRÔNICO
Identificador uniforme de recurso - URI https://www.scielo.br/j/rod/a/g4LFch3GWXxHhhCg3SDqpVK/?format=pdf&lang=en

Nenhum exemplar disponível.

BINAGRI

Telefone: (61)3218-2567/2388/3357/2097 - binagri@agro.gov.br

Ministério da Agricultura e Pecuária , Esplanada dos Ministérios, Bloco D, Anexo B, Brasília/DF, CEP: 70.043-900